| 000 | 00346nam a2200145Ia 4500 | ||
|---|---|---|---|
| 008 | 150201s1961 xx 000 0 und d | ||
| 082 |
_a610 _bG1961F |
||
| 100 | _aFORD,E.B. | ||
| 245 | _aGENETICS FOR MEDICAL STUDENTS | ||
| 250 | _a5TH | ||
| 260 |
_bMETHUEN PUBLICATION _aDELHI _c1961 |
||
| 300 | _a1-201 | ||
| 650 | _aGENETICS | ||
| 942 |
_2ddc _cBK |
||
| 999 |
_c3262 _d3262 |
||